| 000 | 00594nam a2200217 a 4500 | ||
|---|---|---|---|
| 001 | BRCA_3672 | ||
| 005 | 20190320204357.0 | ||
| 008 | 010909s1961----mx-a---###---#000-0#spa-# | ||
| 041 | _aspa | ||
| 044 | _amx | ||
| 050 | 4 |
_aF1391.P3 _b.R83 1961 |
|
| 100 | 1 |
_aRubalcava, Adam _99531 |
|
| 245 | 1 | 0 |
_aPátzcuaro _cAdam Rubalcava. |
| 260 |
_aMéxico _bA. Rubalcava _c1961 |
||
| 300 |
_a1 v. (sin paginación) _bil. _c35 cm. |
||
| 500 | _aB326 | ||
| 651 | 4 |
_aPátzcuaro, Michoacán _xDescripción y viajes _99532 |
|
| 651 | 4 |
_aMéxico _xDescripción y viajes _9103 |
|
| 902 | _aGFM | ||
| 942 |
_2lcc _cB |
||
| 999 |
_c3404 _d3404 |
||